000 00773nam a2200217 i 4500
001 164095
003 ES-MaACL
005 20250903011204.0
008 940512s1884 sp |||| | spa d
040 _aCAT
_bspa
_cCAT
_dCCPB
080 4 _a51
100 1 _aRubio y Diaz, Vicente.
_9222492
245 1 0 _aElementos de matemáticas /
_cpor Vicente Rubio y Díaz.
250 _a4ª ed.
260 _aCádiz :
_b[s.n.],
_c1884 (
_fImprenta de la Revista Médica de Federico Joly)
300 _a2 vol. (a VII, 456; 424 p.) ;
_c19 cm.
505 8 _aContiene: vol. 1: Aritmética y álgebra ; vol. 2: Geometría y trigonometría
650 0 7 _aMatemáticas
_2embne
_914814
852 _aES-MaACL
_jG-4584-4585
_z-- Enc. pasta española
999 _c164095
_d164095